Seagrasses from the Philippines
Kaydedildi:
| Asıl Yazarlar: | , , |
|---|---|
| Materyal Türü: | Kitap |
| Dil: | İngilizce |
| Baskı/Yayın Bilgisi: |
Washington, D.C
Smithsonian Institution
1983
|
| Seri Bilgileri: | Smithsonian Contributions to Marine Sciences, 21
|
| Konular: | |
| Etiketler: |
Etiketle
Etiket eklenmemiş, İlk siz ekleyin!
|
MARC
| LEADER | 00000nam a2200000 a 4500 | ||
|---|---|---|---|
| 001 | UCL7392 | ||
| 003 | CL-VaPUC | ||
| 008 | 040520e19830000US |||||||||||||||||eng|d | ||
| 082 | 0 | 4 | |a 578.7694 |b MEÑ |2 21 |
| 100 | |a Meñez, Ernani G. |e autor |9 485260 | ||
| 700 | 0 | |a Phillips, Ronald C |e author |9 485252 | |
| 700 | 0 | |a Calumpong, Hilconida P |e author |9 485253 | |
| 245 | 1 | 0 | |a Seagrasses from the Philippines |
| 300 | |a 40 p | ||
| 942 | |c BK | ||
| 945 | |d 20040520 00:00:00 |a cmena | ||
| 260 | |a Washington, D.C |b Smithsonian Institution |c 1983 | ||
| 650 | 7 | |a FLORA MARINA |2 CL-VaPUC |9 485254 | |
| 650 | 7 | |a PASTOS |2 CL-VaPUC |9 264233 | |
| 650 | 0 | |a Distribución geográfica |9 260005 | |
| 650 | 7 | |a ESPECIES |2 CL-VaPUC |9 331928 | |
| 651 | 0 | |a Filipinas |9 258491 | |
| 583 | |a last modification |c 20040520 00:00:00 |k Rodrigo Vera | ||
| 490 | 0 | |a Smithsonian Contributions to Marine Sciences, 21 | |
| 999 | |c 309160 |d 309158 | ||
| 952 | |0 0 |1 0 |4 0 |6 578_769400000000000_MEÑ_1983 |7 0 |8 A |9 376518 |a BIBCUR |b BIBCUR |d 2019-11-21 |i 211660K |o 578.7694 MEÑ 1983 |p 211660K |r 2025-04-22 |w 2019-11-21 |y BK |k BCB | ||